000 00241nam a22000857a 4500
008 160808b xxu||||| |||| 00| 0 eng d
100 _955
_aBhatia K.N
245 _aSuper Simplified Science Biology-X
260 _aJalandar
_bS.Dinesh Publication
_c2014
999 _c2707
_d2707